LEADER 01442cam1-22005291i-450- 001 990003932770403321 005 20120321111510.0 010 $a88-15-08965-9 035 $a000393277 035 $aFED01000393277 035 $a(Aleph)000393277FED01 035 $a000393277 100 $a20030910d2002----km-y0itay50------ba 101 0 $aita 102 $aIT 105 $ay-------001yy 200 1 $aAssimilati ed esclusi$fa cura di Asher Colombo, Giuseppe Sciortino 210 $aBologna$cil Mulino$d2002 215 $a347 p.$d23 cm 225 1 $aStranieri in Italia 320 $aBibliografia: p. 319-342 610 0 $aItalia$aImmigrazione 676 $a304.845$v21$zita 676 $a040.003 676 $a304.8$v11 rid.$zita 702 1$aColombo,$bAsher 702 1$aSciortino,$bGiuseppe$f<1963- > 801 0$aIT$bUNINA$gRICA$2UNIMARC 901 $aBK 912 $a990003932770403321 952 $a304.845 COL 1$b1287$fBFS 952 $a304.845 COL 1bis$b3886$fBFS 952 $a040.003.COL$b4593$fDECGE 952 $aSE116.05.25-$b4582D$fDECSE 952 $aXI DU AA.VV. 59$fDFD 952 $aA-It 0630$bB.F.L.F. 52588$fILFGE 952 $aVI F 296$b40733$fFSPBC 952 $a15630 ASS$b20142$fSES 959 $aBFS 959 $aILFGE 959 $aDECGE 959 $aFSPBC 959 $aDECSE 959 $aSES 959 $aDFD 996 $aAssimilati ed esclusi$9511785 997 $aUNINA LEADER 01163nam--2200337---450- 001 990001529430203316 005 20090724150733.0 035 $a000152943 035 $aUSA01000152943 035 $a(ALEPH)000152943USA01 035 $a000152943 100 $a20040324d1986----km-y0enga50------ba 101 $aita 102 $aIT 200 1 $a<> privatizzazione delle Casse di risparmio$fAutori vari$ga cura del Centro internazionale di studi giuridici 210 $aNapoli$cEdizioni Scientifiche Italiane$dcopyr. 1986 215 $a86 p.$d24 cm 606 $aCasse di risparmio$xCapitale$xAspetti giuridici 676 $a346.4508221 712 02$aCentro internazionale di studi giuridici 912 $a990001529430203316 951 $aXXV.3.F 79 (IG II 948)$b40452 G.$cXXV.3.F 79 (IG II)$d00134861 959 $aBK 969 $aGIU 979 $aMARIA$b10$c20040324$lUSA01$h1040 979 $aPATRY$b90$c20040406$lUSA01$h1746 979 $aVITALE$b90$c20040804$lUSA01$h1813 979 $aVITALE$b90$c20040804$lUSA01$h1814 979 $aRSIAV4$b90$c20090724$lUSA01$h1507 996 $aPRIVATIZZAZIONE delle Casse di Risparmio$9612295 997 $aUNISA